书目信息 |
| 题名: |
实用广告写作
|
|
| 作者: | 刘友林 主编 | |
| 分册: | ||
| 出版信息: | 北京 中国广播电视出版社 2002 |
|
| 页数: | 361页 | |
| 开本: | 21m | |
| 丛书名: | 广告实务操作丛书 | |
| 单 册: | ||
| 中图分类: | F713.8 | |
| 科图分类: | ||
| 主题词: | 商业广告 | |
| 电子资源: | ||
| ISBN: | 7-5043-3761-7 | |
| 000 | 00638nam0 2200229 450 | |
| 001 | 0536959140 | |
| 005 | 20051101101925.76 | |
| 010 | @a7-5043-3761-7@dCNY21.00 | |
| 092 | @aCN | |
| 100 | @a20051101d2002 km y0chiy0120 ea | |
| 101 | 0 | @achi |
| 102 | @aCN@b110000 | |
| 200 | 1 | @a实用广告写作@Ashi yong guang gao xie zuo@f刘友林主编@Fliu you lin zhu bian |
| 210 | @a北京@c中国广播电视出版社@d2002 | |
| 215 | 1 | @a361页@d21m |
| 225 | @a广告实务操作丛书 | |
| 410 | 0 | @12001 @a广告实务操作丛书 |
| 606 | 0 | @a商业广告 |
| 690 | @aF713.8@v4 | |
| 701 | 0 | @a刘友林@Aliu you lin@4主编 |
| 801 | 0 | @aCN@bPFT@c20051101 |
| 905 | @a10447@dF713.8@e110 | |
| 实用广告写作/刘友林主编.-北京:中国广播电视出版社,2002 |
| 361页;21m.-(广告实务操作丛书) |
| ISBN 7-5043-3761-7:CNY21.00 |
| ● |
| 相关链接 |
|
|
|
|
正题名:实用广告写作
索取号:F713.8/110
 
预约/预借
| 序号 | 登录号 | 条形码 | 馆藏地/架位号 | 状态 | 备注 |
| 1 | 0337539 | 203375392 | 第一样本阅览室/ [索取号:F713.8/110] | 在馆 | |
| 2 | 0337540 | 203375409 | 第一借阅区/ [索取号:F713.8/110] | 在馆 | |
| 3 | 0337541 | 203375418 | 第一借阅区/ [索取号:F713.8/110] | 在馆 | |
| 4 | 0337542 | 203375427 | 第一借阅区/ [索取号:F713.8/110] | 在馆 | |
| 5 | 0337543 | 203375436 | 第一借阅区/ [索取号:F713.8/110] | 在馆 |